| 000 | 00925nac a22002771i 4500 | ||
|---|---|---|---|
| 003 | EG-ScBUE | ||
| 005 | 20241001100023.0 | ||
| 008 | 241001t1992 txua f 001 0 eng d | ||
| 020 | _a0030964202 | ||
| 020 | _a9780030964206 | ||
| 040 |
_aEG-ScBUE _beng _erda _cEG-ScBUE _dEG-ScBUE |
||
| 082 | 0 | 4 |
_a515 _bGRO _222 |
| 100 | 1 |
_aGrossman, Stanley I., _eauthor. |
|
| 245 | 1 | 0 |
_aCalculus / _cStanley I. Grossman, University of Montana and University College London. |
| 250 | _aFifth edition. | ||
| 264 | 1 |
_aForth Worth : _bSaunders College Publishing : _bHarcourt Brace College Publishers, _c[1992] |
|
| 264 | 4 | _cc1992 | |
| 300 |
_axx, 1077, [164] pages : _billustrations (some color) ; _c27 cm |
||
| 336 |
_2rdacontent _atext _btxt |
||
| 337 |
_aunmediated _2rdamedia _bn |
||
| 338 |
_avolume _bnc _2rdacarrier |
||
| 500 | _aIncludes index. | ||
| 650 | 7 |
_aCalculus. _2BUEsh |
|
| 655 | _vReading book | ||
| 942 |
_cBB _2ddc |
||
| 999 |
_c1247 _d1247 |
||